00310nam a2200121Ia 450000500170000000800410001704100080005808200160006610000220008224500350010426000370013965000120017620250729165814.0250729s2005 xx 000 0 und d aeng a930.25 SWAL aSwami Vivekananda aLecture from Colombo to Almora aKolkattabAdvaitha Ashramac2005 aHistory